• 首页
  • 本馆介绍
  • 公告通知
  • 最新文献
  • 馆藏检索
  • 电子资源
  • 读者导购
  • 参考咨询
  • 我的图书馆
  • 登录
  • 详细信息显示
  • 放入我的书架
  • 预约/预借图书
  • 作者相关作品
  • 分类相关作品
  • 丛书相关作品
  • 出版社相关作品

书目信息

  • 表格格式
  • 工作单格式
  • 卡片格式
题名:
鄂尔多斯盆地低渗透储层特征及开发参数设计
    
 
作者: 张新春 著
分册:  
出版信息: 北京   中国石化出版社  2018
页数: 156页
开本: 26cm
丛书名:
单 册:
中图分类: P618.130.2
科图分类:
主题词:
电子资源:
ISBN: 978-7-5114-4687-9
000 01239nam0 2200253 450
001 012001003779
005 20131105160443.0
010    @a978-7-5114-4687-9@dCNY58.00
099    @aCAL 012018053134
100    @a20180510d2018 em y0chiy50 ea
101 0  @achi
102    @aCN@b110000
105    @aa a 000yy
106    @ar
200 1  @a鄂尔多斯盆地低渗透储层特征及开发参数设计@Ae er duo si pen di di shen tou chu ceng te zheng ji kai fa can shu she ji@e以甘谷驿油田长6油层组为例@f张新春著
210    @a北京@c中国石化出版社@d2018
215    @a156页@c彩图@d26cm
320    @a有书目 (第147-156)
330    @a本书依据储层岩石学、测井地质学、岩石物理学、三维地质建模技术及储层实验分析等技术,系统地研究了甘谷驿油田长6段储层的沉积特征、孔隙结构特征、非均质性特征、渗流机理及对注水开发的影响,唐80井区与唐114井区长6段储层受孔隙结构及储层物性的影响,不同的井组经过注水开发,后期的产能效果差别较大,并依据储层特征及地质综合建模分析,优化了唐80井与唐114井区的注水井网部署,加大后期井网调整,实现高产能基础上的高效开发。
607    @a鄂尔多斯盆地@Ae er duo si pen di@x低渗透储集层@x油田开发
690    @aP618.130.2@v5
701  0 @a张新春@Azhang xin chun@4著
801  0 @aCN@b上海新华@c20191020
905    @b1206618-21@dP618.130.2@e130@f4
    
    鄂尔多斯盆地低渗透储层特征及开发参数设计:以甘谷驿油田长6油层组为例/张新春著.-北京:中国石化出版社,2018
    156页:彩图;26cm
    
    
    ISBN 978-7-5114-4687-9:CNY58.00
    本书依据储层岩石学、测井地质学、岩石物理学、三维地质建模技术及储层实验分析等技术,系统地研究了甘谷驿油田长6段储层的沉积特征、孔隙结构特征、非均质性特征、渗流机理及对注水开发的影响,唐80井区与唐114井区长6段储层受孔隙结构及储层物性的影响,不同的井组经过注水开发,后期的产能效果差别较大,并依据储层特征及地质综合建模分析,优化了唐80井与唐114井区的注水井网部署,加大后期井网调整,实现高产能基础上的高效开发。
●
相关链接 在E读中查询图书 在五车中查询图书 在当当中查询图书 在豆瓣中查询图书


正题名:鄂尔多斯盆地低渗透储层特征及开发参数设计     索取号:P618.130.2/130         预约/预借

序号 登录号 条形码 馆藏地/架位号 状态 备注
1 1206618   212066182   第二样本阅览室/ [索取号:P618.130.2/130] 在馆    
2 1206619   212066191   第三借阅区/ [索取号:P618.130.2/130] 在馆    
3 1206620   212066208   第三借阅区/ [索取号:P618.130.2/130] 在馆    
4 1206621   212066217   第三借阅区/ [索取号:P618.130.2/130] 在馆    
唐山师范学院图书馆 欢迎您!
大连网信软件有限公司© 版权所有